Actualidades de construcción /
Compendio de las principales obras de ingeniería civil construidas en México hasta 1971, y de las cuáles, sus creadores presentan: los antecedentes de la obra, su descripción, el procedimiento constructivo, planos y fotografías de las misma. La obra está dividida temáticamente por: Cimentaciones; Me...
Gardado en:
| Autor Principal: | |
|---|---|
| Formato: | Libro |
| Idioma: | Lingua castelá |
| Publicado: |
México :
Ricardo Lasso H.,
1971, c1971
|
| Temas: | |
| Etiquetas: |
Sen Etiquetas, Sexa o primeiro en etiquetar este rexistro!
|
MARC
| LEADER | 00000nam^a2200000^a^4500 | ||
|---|---|---|---|
| 001 | 000186833 | ||
| 005 | 20250526000000.0 | ||
| 009 | 20260310102240.252 | ||
| 037 | |a Acervo ITESO - Biblioteca | ||
| 041 | |a ESP | ||
| 082 | |a 624. 0972 |b LAS | ||
| 100 | |a Lasso Herrera, Ricardo |e (autor) | ||
| 240 | 1 | 1 | |a [Actualidades de construcción] |
| 245 | 1 | 0 | |a Actualidades de construcción / |c R. Lasso Herrera. |
| 264 | 4 | |a México : |b Ricardo Lasso H., |c 1971, c1971 | |
| 300 | |a 200 p. (gran formato) , |c 28.5 cm. | ||
| 336 | |a texto |b txt |2 rdacontenido | ||
| 337 | |a sin mediación |b n |2 rdamedio | ||
| 338 | |a volumen |b nc |2 rdasoporte | ||
| 520 | |a Compendio de las principales obras de ingeniería civil construidas en México hasta 1971, y de las cuáles, sus creadores presentan: los antecedentes de la obra, su descripción, el procedimiento constructivo, planos y fotografías de las misma. La obra está dividida temáticamente por: Cimentaciones; Metro; Nuevo sistema de drenaje en la Ciudad de México; Cubiertas colgantes; Domos, cubiertas laminares y estadios; Silos y tanques; Edificios y naves industriales o comerciales; Sistema de anclaje de presfuerzo por extrusión; Puentes; Aeropuertos; Obras del extranjero; Directorio de empresas constructoras. | ||
| 649 | |a XX | ||
| 650 | |a Cimentación - |z México | ||
| 650 | |a Construcción - |z México - |x Historia | ||
| 650 | |a Ingeniería Civil - |z México - |x Historia - |x Tema Principal | ||
| 650 | |a Transporte Urbano - |z México (Ciudad) | ||
| 650 | |a Transporte Urbano - |z México | ||
| 650 | |a Sistema de Drenaje y Alcantarillado - |z México (Ciudad) | ||
| 650 | |a Sistema de Drenaje y Alcantarillado - |z México | ||
| 650 | |a Estadios - |z México (Ciudad) | ||
| 650 | |a Estadios - |z México | ||
| 650 | |a Silos - |z México | ||
| 650 | |a Pilas y Tanques - |z México | ||
| 650 | |a Puentes - |z México | ||
| 650 | |a Aeropuertos - |z México | ||
| 650 | |a Locales Comerciales y de Servicios - |z México | ||
| 650 | |a Arquitectura Industrial - |z México - |x Historia y Crítica | ||
| 650 | |a Arquitectura Mexicana - |y Siglo XX | ||
| 650 | |a Arquitectura Mexicana - |x Historia y Crítica | ||
| 910 | |a Fondo Julio de la Peña Lomelín | ||
| 920 | |a Impresos - Libros | ||
| 930 | |a Libros Antiguos y Raros | ||
| 940 | |a Arquitectos Jaliscienses | ||
| 905 | |a 108 | ||
| 901 | |a 0500128492 |b IT2 |c LRA |u 20250526 | ||
| 902 | |a https://opac.biblio.iteso.mx/vufind/Record/000186833 | ||